Advertising research : Theory and practice

Na minha lista:
Detalhes bibliográficos
Autor principal: Davis, Joel J.
Formato: Livro
Idioma:Undetermined
Publicado em: New York The Prentice-Hall 1997
Tags: Adicionar Tag
Sem tags, seja o primeiro a adicionar uma tag!
Thư viện lưu trữ: Trung tâm Học liệu Trường Đại học Cần Thơ
LEADER 00508nam a2200193Ia 4500
001 CTU_155902
008 210402s9999 xx 000 0 und d
020 |c 252000 
082 |a 659.1072 
082 |b D261 
100 |a Davis, Joel J. 
245 0 |a Advertising research : 
245 0 |b Theory and practice 
245 0 |c Joel J. Davis 
260 |a New York 
260 |b The Prentice-Hall 
260 |c 1997 
904 |i Trần Trung Ngân 
980 |a Trung tâm Học liệu Trường Đại học Cần Thơ